000 00756cam a22002533a 4500
001 20009
003 PGUSA
005 20140828083426.0
008 061203s2006||||xxu|||||s|||||000 1 eng d
040 _aPGUSA
_beng
042 _adc
050 4 _aPR
100 1 _aDisraeli, Benjamin, Earl of Beaconsfield,
_d1804-1881
245 1 0 _aIxion In Heaven
_h[electronic resource] /
_cBenjamin, Earl of Beaconsfield Disraeli
260 _bProject Gutenberg,
_c2006
506 _aPublic domain in the USA.
516 _aElectronic text
653 _aShort stories
653 _aGods, Roman -- Fiction
653 _aIxion (Greek mythology) -- Fiction
830 0 _aProject Gutenberg
_v20009
856 4 0 _uhttp://www.gutenberg.org/ebooks/20009
942 _cEB
999 _c249264
_d249264